Tornei vinti da Jannik Sinner - Statistics

Statistiche generali
  • Questo quiz è stato fatto 134 volte
    48 dall'ultimo reset
  • Il punteggio medio è 14 su 24
Statistiche sulle risposte
Data Circuito Punteggio Avversario Superficie Torneo % Corretto
13 luglio 2025 Grande Slam 4-6, 6-4, 6-4, 6-4 Carlos Alcaraz Erba Torneo di Wimbledon
95%
8 settembre 2024 Grande Slam 6–3, 6–4, 7–5 Taylor Fritz Cemento US Open
95%
28 gennaio 2024 Grande Slam 3–6, 3–6, 6–4, 6–4, 6–3 Daniil Medvedev Cemento Australian Open
93%
26 gennaio 2025 Grande Slam 6–3, 7–6(4), 6–3 Alexander Zverev Cemento Australian Open
93%
17 novembre 2024 - 6-4, 6-4 Taylor Fritz Cemento ATP Finals
88%
16 novembre 2025 - 7-6(4), 7-5 Carlos Alcaraz Cemento ATP Finals
88%
2 novembre 2025 ATP Tour 1000 6-4, 7-6(4) Félix Auger-Aliassime Cemento Paris Masters
75%
19 agosto 2024 ATP Masters 1000 7–6(4), 6–2 Frances Tiafoe Cemento Cincinnati Open
70%
29 ottobre 2023 ATP Tour 500 7–6(7), 4–6, 6–3 Daniil Medvedev Cemento Vienna Open
68%
26 ottobre 2025 ATP Tour 500 3-6, 6-3, 7-5 Alexander Zverev Cemento Vienna Open
68%
31 marzo 2024 ATP Masters 1000 6–3, 6–1 Grigor Dimitrov Cemento Miami Open
65%
4 ottobre 2023 ATP Tour 500 7–6(2), 7–6(2) Daniil Medvedev Cemento China Open
63%
1° ottobre 2025 ATP Tour 500 6–2, 6–2 Learner Tien Cemento China Open
63%
23 giugno 2024 ATP Tour 500 7–6(8), 7–6(2) Hubert Hurkacz Erba Halle Open
55%
13 ottobre 2024 ATP Masters 1000 7–6(4), 6–3 Novak Đoković Cemento Shanghai Masters
48%
13 agosto 2023 ATP Masters 1000 6–4, 6–1 Alex de Minaur Cemento Canadian Open
45%
14 novembre 2020 ATP Tour 250 6–4, 3–6, 7–6(3) Vasek Pospisil Cemento Sofia Open
43%
3 ottobre 2021 ATP Tour 250 6–3, 6–4 Gaël Monfils Cemento Sofia Open
43%
18 febbraio 2024 ATP Tour 500 7–5, 6–4 Alex de Minaur Cemento Rotterdam Open
40%
31 luglio 2022 ATP Tour 250 6(5)–7, 6–1, 6–1 Carlos Alcaraz Terra rossa Croatia Open Umag
35%
8 agosto 2021 ATP Tour 500 7–5, 4–6, 7–5 Mackenzie McDonald Cemento Washington Open
35%
7 febbraio 2021 ATP Tour 250 7–6(4), 6–4 Stefano Travaglia Cemento Great Ocean Road Open
28%
12 febbraio 2023 ATP Tour 250 7–6(3), 6–3 Maxime Cressy Cemento Open Sud de France
23%
24 ottobre 2021 ATP Tour 250 6–2, 6–2 Diego Schwartzman Cemento European Open
20%
Nessun quiz corrispondente trovato
Distribuzione punteggi
Percentuale di utenti per punteggio
Percentile per numero di risposta
I tuoi punteggi nel tempo
Non hai fatto questo quiz dall'ultimo reset